000 01390nam a2200325Ia 4500
001 35875
003 IT-RoPAU
008 130308s9999 xx 000 0 und d
040 _aIT-RoPAU
040 _cIT-RoPAU
041 _aITALIANO
100 _aCombarieu Jules
100 _gCodice Aut. SPICS: 7886
240 _aMUSIQUE SES LOIS SON EVOLUTION (LA)
240 _gCodice Tit. Orig. Spics: T0003
245 _aMusica, sue leggi, sua evoluzione (La)
245 _bMusica, Sue Leggi, Sua Evoluzione (La)
250 _a1a ed.
260 _aFIRENZE
260 _bAlinea
260 _c1985 [1° Ed.:1985 - Ed.Ling.Originale:1907]
300 _a"140 p. (prefazione: no ; testo: 140)"
500 _aPensiero Musicale e Psicologia Analisi di una Melodia Musica Sensazione piacere dell'Orecchio Musica e formalismo Musica e sentimento Dinamismo della Vita passionale e pensiero Musicale immagini Musicali Musica e Vita Sociale Elementi sonori dell'arte Musicale Consonanze Perfette Ottava e Quinta Consonanza Mista la Quarta Intervalli Scala Modo maggiore e minore Elementi Ritmici del Linguaggio Musicale e Vita Sociale Musica e Amore Tesi di Darwinmusica e Linguaggio Musica Descrittiva e Linguaggio Naturale Linguaggio e Ritmo
650 _aLINGUAGGIO MUSICALE
650 _eCodice materia Spics: 7004
942 _cBK
957 _71
999 _c73629
_d73629
999 _bSI
999 _g1